000 00687nam a2200277Ia 4500
005 20260324123048.0
008 008 260324s9999 xx 000 0 eng d
020 _a9780429228704
037 _aEBOOK
040 _aCRL
040 _beng
040 _cCRL
041 _2eng
041 _aeng
084 _qCRL
100 _aPäivi Tynjälä; Hannu L. T. Heikkinen; Hannu Jokinen
_91168877
245 0 _aPeer-Group Mentoring for Teacher Development
260 _bTaylor and Francis
260 _c2012
365 _a
365 _b255
856 _uhttp://www.taylorfrancis.com/books/9780429228704
942 _cEBOOK
999 _c1762071
_d1762071